[Event "Groningen op"]
[Site "Groningen"]
[Date "1995.??.??"]
[Round "?"]
[White "Ristic, Nenad"]
[Black "Psakhis, Lev"]
[Result "1-0"]
[WhiteElo "2400"]
[BlackElo "2610"]
[Annotator "Psakhis,L"]
[PlyCount "59"]
[EventDate "1995.12.??"]
[EventType "swiss"]
[EventRounds "11"]
[EventCountry "NED"]
[SourceTitle "CBM 050 Extra"]
[Source "ChessBase"]
[SourceDate "1996.03.01"]
[SourceVersion "1"]
[SourceVersionDate "1996.03.01"]
[SourceQuality "1"]

1. d4 Nf6 2. Nf3 e6 3. Bg5 c5 4. e3 Qb6 5. Nbd2 Qxb2 6. Bd3 Qc3 7. O-O d5 8.
Re1 cxd4 (8... c4 9. Bf1 Nc6 10. Bxf6 gxf6 11. e4 Kd8 12. Rb1 Bh6 13. exd5 exd5
14. Rb5 Bxd2 15. Rxd5+ Kc7 16. Nxd2 Be6 17. Ne4 Qb2 18. Rd6 f5 19. d5 fxe4 20.
dxe6 fxe6 21. Rd7+ Kb6 22. Qd6 Rac8 23. Bxc4 Qxc2 24. Qa3 Rhf8 25. Qe3+ {
Alexeev,A-Balashov,Y/URS/1972/}) 9. Bxf6 $1 {N} (9. Nxd4 a6 10. N4f3 Nc6 11. e4
Be7 12. exd5 Nxd5 13. Ne4 Qa3 14. c4 Nc3 15. Qd2 Nxe4 16. Bxe4 f6 17. Bf4 e5
18. Rad1 Bg4 19. Re3 Qc5 20. Bg3 O-O 21. Qc2 f5 22. Bd5+ Kh8 23. Bxc6 Qxc6 24.
Bxe5 Bf6 25. Bxf6 Qxf6 26. Rde1 f4 27. Rb3 {Salov,V-Psakhis,L/Irkutsk(URS-1L)
1986/0,5/}) 9... gxf6 10. e4 Qa5 11. Nb3 Qd8 12. exd5 Qxd5 13. Nfxd4 Nd7 14. c4
Qg5 15. Nb5 Kd8 16. g3 $5 a6 (16... f5 $5) 17. f4 Qh6 18. N5d4 Rg8 (18... Bb4
19. Rxe6 $3 fxe6 20. Nxe6+ Ke7 21. Nc7 Nb6 (21... Ra7 22. Nd5+ Kf7 23. Nxb4 $40
) 22. c5 f5 23. Qe2+ Kf7 (23... Kd8 24. Nxa8 Nxa8 25. Qb2 Re8 26. Qd4+ $18) 24.
Bc4+ Nxc4 (24... Kg6 25. cxb6) 25. Qxc4+ Be6 26. Qxb4 Rab8 27. Re1 $16) (18...
Kc7 19. c5 Nxc5 20. Rc1 b6 21. Be4 Bb7 22. Bxb7 Kxb7 23. Qf3+ Ka7 24. Nxc5 Bxc5
25. Rxc5 bxc5 26. Rb1 $18) 19. Qf3 Nc5 20. Rad1 Kc7 (20... Nxd3 21. Rxd3 Kc7
22. c5 Bd7 23. c6 $1 $18) 21. Bf1 $1 Bd7 22. Bg2 Rb8 23. Kh1 Qg6 24. Qe3 $1 b6
(24... Nxb3 $5) 25. Qf3 Bd6 (25... Qg4 26. Nxc5 Bxc5 (26... bxc5 27. Nxe6+ $1
fxe6 28. Rxd7+ Kxd7 29. Qc6+ Kd8 30. Bf3 $1 $18) 27. Nxe6+ fxe6 28. Rxd7+ Kxd7
29. Qc6+ Kd8 30. Bf3 Qg6 31. Rd1+ Ke7 32. Qc7+ Kf8 33. Qxb8+ Kg7 $16) 26. Nc6
Rgc8 (26... Rbc8 27. Nxc5 Bxc5 (27... bxc5 28. Ne7) 28. Ne7 $1 $18) 27. Nxb8
Rxb8 28. Nxc5 bxc5 29. Qa3 Rb6 30. Qa5 1-0

[Event "Sautron op 13th"]
[Site "Sautron"]
[Date "2013.10.29"]
[Round "5"]
[White "Koziak, Vitali"]
[Black "Roiz, Michael"]
[Result "1/2-1/2"]
[WhiteElo "2481"]
[BlackElo "2614"]
[Annotator "RR"]
[PlyCount "53"]
[EventDate "2013.10.26"]
[EventType "swiss"]
[EventRounds "9"]
[EventCountry "FRA"]
[SourceTitle "EXT 2014"]
[Source "ChessBase"]
[SourceDate "2013.11.20"]
[SourceVersion "1"]
[SourceVersionDate "2013.11.20"]
[SourceQuality "1"]
[TimeControl "40/5400+30:1800+30"]
[WhiteClock "1:30:00"]
[BlackClock "1:30:00"]

1. d4 {[%emt 0:00:00]} Nf6 {[%emt 0:00:00]} 2. Nf3 {[%emt 0:00:04]} e6 {
[%emt 0:00:20]} 3. Bg5 {[%emt 0:00:40]} h6 {[%emt 0:00:33]} (3... c5) 4. Bh4 {
[%emt 0:00:47] Cette ligne n'a pas très bonne réputation théorique} (4. Bxf6
$142 Qxf6 5. e4 d6 6. Nc3 Nd7 7. Qd2 a6 8. O-O-O $32) 4... d6 {[%emt 0:04:28]}
(4... c5) (4... b6) (4... g5 {La ligne critique pour gagner la paire de B et
préférée par KRAMNIK} 5. Bg3 Nh5 (5... Ne4 6. Nbd2 (6. Qd3 Nxg3 7. hxg3 $11
{Larsen,B (2625)-Byrne,R (2540) Las Palmas 1976 (1) 1/2}) (6. Nfd2) 6... Nxg3
7. hxg3 Bg7 8. c3 d6 9. e4 $13 {Hug,W (2453)-Kramnik,V (2759) Zuerich
Champions rap rapid 2009 (3) 1/2}) 6. e3 d6 7. Nbd2 Bg7) 5. c4 {[%emt 0:05:55]
Assez rarement joué dans une attaque Torre} (5. h3 Nbd7 6. Nbd2 c5 7. c3 Be7
8. e3 b6 9. Bd3 Bb7 10. Qe2 O-O 11. O-O d5 12. Rfe1 Ne4 13. Bxe7 Qxe7 14. Ba6
Bxa6 15. Qxa6 Nd6 16. Rad1 Rfd8 17. Qe2 Nf6 18. Ne5 Qc7 19. Rc1 Rac8 20. Qd1 b5
21. Ndf3 a5 22. a3 Qb6 23. b4 c4 24. Ra1 Ra8 25. Qc2 Ra6 26. Ra2 Rda8 27. Rea1
Qa7 28. Qb2 axb4 29. Qxb4 Nfe4 30. Nd2 Ra4 31. Nxe4 Nxe4 32. Qb2 Qa5 33. Rc1
Rxa3 34. Rxa3 Qxa3 {Levin,E (2505)-Alekseev,E (2710) St Petersburg 2013 0-1}) (
5. Nbd2 g5 6. Bg3 Nh5) (5. e3 g5 6. Bg3 Nh5 $132) 5... Nbd7 {[%emt 0:07:02]} 6.
Nc3 {[%emt 0:02:49]} Be7 {[%emt 0:00:48]} 7. e3 {[%emt 0:04:00]} b6 {[%emt 0:
01:28]} 8. Be2 {[%emt 0:05:46]} (8. Bd3 Bb7) 8... Bb7 {[%emt 0:00:26]} 9. Qc2 {
[%emt 0:02:53]} c5 $1 $11 {[%emt 0:04:27]} 10. dxc5 {[%emt 0:03:39]} bxc5 {
[%emt 0:05:42]} (10... Nxc5 {[%cal Gc5e4]}) 11. O-O {[%emt 0:02:36]} O-O {
[%emt 0:01:04]} 12. Rfd1 {[%emt 0:02:04]} Qb6 {[%emt 0:01:15]} 13. Nd2 $146 {
[%emt 0:06:02][%cal Ge2f3]} (13. Rd2 Rfd8 14. Rad1 a6 15. Ne1 Rac8 16. Bf3 Bxf3
17. Nxf3 Nf8 18. h3 Ng6 19. Bg3 Qc6 20. Bh2 d5 21. cxd5 Nxd5 22. Ne5 Nxe5 23.
Bxe5 Nb4 24. Rxd8+ Rxd8 25. Rxd8+ Bxd8 26. Qd1 Be7 27. Qg4 f6 {1/2-1/2 (27)
Winants,L (2517)-Speelman,J (2541) Netherlands 2007}) 13... Rfe8 {[%emt 0:07:
30]} (13... Rab8 $5 {[%csl Rb2][%cal Gf8d8]} 14. Bg3 (14. b3) 14... Rfd8) 14.
Bg3 {[%emt 0:03:48]} Rad8 {[%emt 0:02:34]} (14... Rab8) 15. Bf3 {[%emt 0:04:11]
} Bxf3 {[%emt 0:05:06]} 16. Nxf3 {[%emt 0:00:17]} Nh5 {[%emt 0:00:26]} 17. Rd2
{[%emt 0:02:24]} Nxg3 {[%emt 0:01:34]} 18. hxg3 {[%emt 0:00:07]} Nf6 {[%emt 0:
00:43]} 19. Rad1 {[%emt 0:02:19] Les Blancs ont un petit avantage d'espace
mais les R Blanches manquent de cases de pénétration et les Noirs ont au
moins l'égalité} Qc6 {[%emt 0:03:41]} 20. b3 {[%emt 0:01:46]} a6 {[%emt 0:02:
35]} 21. Rd3 {[%emt 0:02:08]} Rd7 {[%emt 0:01:39]} 22. Na4 {[%emt 0:01:17]}
Red8 {[%emt 0:00:33]} 23. Nc3 {[%emt 0:01:07] Il est difficile pour les deux
camps de progresser} Qb7 {[%emt 0:01:19]} 24. Na4 {[%emt 0:01:59]} Ne4 $15 {
[%emt 0:01:48]} 25. Nd2 {[%emt 0:01:09]} Nf6 {[%emt 0:00:58]} 26. Nf3 {[%emt 0:
00:14]} Qc7 {[%emt 0:01:51]} 27. Rc1 {[%emt 0:01:58]} 1/2-1/2

[Event "FRA-ch"]
[Site "Val d'Isere"]
[Date "2002.08.20"]
[Round "2"]
[White "Dorfman, Josif D"]
[Black "Skripchenko, Almira"]
[Result "1/2-1/2"]
[WhiteElo "2617"]
[BlackElo "2497"]
[Annotator "Rabinovich,Al"]
[PlyCount "82"]
[EventDate "2002.08.19"]
[EventType "tourn"]
[EventRounds "11"]
[EventCountry "FRA"]
[EventCategory "13"]
[SourceTitle "CBM 091"]
[Source "ChessBase"]
[SourceDate "2002.11.12"]
[SourceVersion "1"]
[SourceVersionDate "2002.11.12"]
[SourceQuality "1"]

1. d4 d5 2. Nf3 e6 3. g3 Nf6 4. Bg2 b5 $5 {The idea behind this move is to
prevent c4 and to develop the bishop on b7.The problems are sometimes the
early opening of the Qside...} 5. O-O (5. c3 $5 Bb7 6. Qb3 a6 7. a4 c6 8. Bg5
$14 {[%csl Rb7] 1/2-1/2 Georgiev,K-Sakaev,K/Ulcinj 1997/EXT 99 (21)}) (5. a4 $5
b4 6. c4 bxc3 7. Nxc3 Nbd7 8. O-O Ba6 9. Qc2 Bd6 10. Nb5 $14 {0-1 Filippov,
V-Vaulin,A/Kazan 2001/CBM 86 no vc (56)}) 5... Bb7 (5... c5 $1 6. Nbd2 Bb7 7.
dxc5 Bxc5 8. Nb3 Be7 9. Nfd4 b4 10. Bg5 Nbd7 11. Rc1 a5 $11 {1/2-1/2 Bareev,
E-Ibragimov,I/Vienna 1996/CBM 53 ext (26)}) (5... Be7 6. c3 O-O 7. Bg5 Nbd7 8.
Nbd2 c5 9. Re1 Bb7 10. Ne5 Nxe5 11. dxe5 Nd7 $11 {1/2-1/2 Huebner,R-Hoffmann,M/
Germany 1996/GER-chT (31)}) 6. Qd3 $6 {[%mdl 8] Probably giving nothing.} (6.
Bg5 {The main line.} Nbd7 7. c3 (7. Nbd2 Be7 8. c3 c5 9. a4 a6 10. axb5 axb5
11. Rxa8 Qxa8 12. dxc5 Nxc5 13. Nd4 $14 {[%cal Gd1a1] 1/2-1/2 Oll,L-Huebner,R/
Polanica Zdroj 1996/CBM 55 (34)}) 7... c5 8. a4 b4 9. cxb4 cxb4 10. a5 Be7 11.
Qa4 Rc8 12. Ne5 O-O 13. a6 $14 {1-0 Piket,J-Lautier,J/Monte Carlo 1997/CBM 57
ext (39)}) 6... a6 7. b3 {[%cal Gc2c4]} (7. Bg5 $6 Nbd7 8. a4 c5 9. axb5 c4 10.
Qd2 axb5 11. Rxa8 Qxa8 12. Nc3 b4 $15) 7... Nbd7 {[%cal Gc7c5]} 8. c4 bxc4 (
8... dxc4 9. bxc4 Be4 10. Qb3 bxc4 11. Qxc4 c5 $11) 9. bxc4 dxc4 10. Qxc4 c5
$11 {Black successfully solved opening problems.} 11. Qb3 (11. Rd1 $142 $5 Rc8
12. Qa4) 11... Bd5 $5 12. Qa4 cxd4 13. Nxd4 Bxg2 14. Kxg2 Bc5 $1 {The best.Nc6
isn't threat!} 15. Nb3 {Unfortunatly white must play it.} (15. Nc6 $6 Nb6 $1
16. Qd1 (16. Nxd8+ Nxa4 $19 {[%cal Gc5d4]} 17. Nc6 Rc8) 16... Qc7 17. Na5 O-O
$17 {[%csl Ra1,Ra5,Rb1,Rc1,Rd1,Rf1]}) 15... O-O 16. N1d2 (16. Nxc5 Nxc5 17. Qc4
Rc8 $15) 16... Qe7 $6 {After such a good opening play,black misses achance to
get even a better position.} (16... Nb6 $1 17. Qc6 Be7 $15 {[%csl Rc6][%cal
Gf6d5]}) 17. Ne4 $5 Nxe4 18. Qxe4 Nf6 19. Qf3 $11 Ba3 $1 {Good decision.} (
19... Bd6 20. Bg5 Be5 21. Rac1 $14 {[%csl Ra6][%cal Gc1c6]}) 20. Nd4 {Forcing
black to exchange on c1,but it might have been better to leave the Ba3?!} (20.
Bg5 $5 {[%csl Ra3][%cal Gb3d4,Gd4c6]}) 20... Bxc1 21. Rfxc1 Rac8 22. Nc6 $14
Qd6 23. Rc4 {[%cal Ga1c1]} Rc7 24. Rac1 Re8 {[%csl Re7]} 25. e4 $1 {Without
this move white can't advance his position.} Qf8 $6 {[%cal Ge8c8]} (25... e5 $5
{[%csl Rd5] Loosing the square for knight sooner or later.} 26. Qe2 $14 {
[%cal Gc4c2,Ge2a6]}) 26. g4 $2 {[%mdl 16384] Wasn't needed!} (26. Qc3 $1 {
[%cal Gc3a5] Preventing Rec8 and transfering the Q to Qside.Black gets into
the trouble here.} Rec8 $2 27. Ne7+ Qxe7 28. Rxc7 $18) 26... h6 27. h4 e5 28.
g5 (28. Nxe5 $6 Rxc4 29. Nxc4 Rxe4 30. g5 $6 (30. Ne3 $142) 30... hxg5 31. hxg5
Qc5 $3 {[%cal Ge4c4,Gc5g5]} 32. gxf6 Qg5+ {[%cal Gg5g2,Gg5c1]} 33. Qg3 (33. Kh2
Rh4+ $19) 33... Rg4) 28... hxg5 29. hxg5 Nh7 30. Qg3 (30. g6 $6 fxg6 31. Qd3 {
[%cal Gc6e5]} Rf7 $132) 30... Qd6 $11 {[%cal Ge8c8,Gh7f8,Gf8g6,Gg6f4] Now
black is out of danger.} 31. Nxe5 {Now in order not to get worse position
white simplifies the position and the game enters about equal ending.} (31. Qc3
Nxg5 $17) (31. R1c3 Nf8 32. Nxe5 Rxc4 33. Nxc4 Qxg3+ 34. Kxg3 Rxe4 35. Nd6 $11)
31... Rxc4 32. Nxc4 Qxg3+ 33. Kxg3 Nxg5 $5 (33... Rxe4 34. Nd6 {Only black can
risk here.}) 34. f3 Rc8 35. Kf4 Ne6+ 36. Ke3 g5 $1 37. Rc2 {[%cal Gc4a3] The
ending is complitely equal and the opponents agree for a draw soon.} Kf8 38.
Na3 Rb8 39. Nc4 Rc8 40. Na3 Rb8 41. Nc4 Rc8 1/2-1/2

[Event "SUI-ch"]
[Site "Leukerbad"]
[Date "2002.07.16"]
[Round "6"]
[White "Gerber, Richard"]
[Black "Jenni, Florian"]
[Result "0-1"]
[WhiteElo "2419"]
[BlackElo "2505"]
[Annotator "Rabinovich,Al"]
[PlyCount "70"]
[EventDate "2002.07.11"]
[EventType "tourn"]
[EventRounds "9"]
[EventCountry "SUI"]
[EventCategory "9"]
[SourceTitle "CBM 091"]
[Source "ChessBase"]
[SourceDate "2002.11.12"]
[SourceVersion "1"]
[SourceVersionDate "2002.11.12"]
[SourceQuality "1"]

1. d4 Nf6 2. Nf3 e6 3. Bg5 h6 4. Bxf6 Qxf6 5. e4 d6 6. Nc3 (6. c3 $5 {[%cal
Gb1d2,Gf1d3] White can also play this flexible continuation.} Nd7 7. Nbd2 Qd8
8. Bd3 Be7 9. Qe2 a6 10. e5 d5 11. b4 b6 12. a4 $14 {1/2-1/2 Macieja,B-Agrest,
E/Ohrid 2001/CBM 84 (48)}) 6... Nd7 (6... g5 $5 {[%csl Rd4][%cal Gf8g7,Gg5g4]}
7. h3 Bg7 8. Bc4 Nc6 9. d5 Ne5 10. Nxe5 Qxe5 11. O-O h5 $132 {. 1-0 Speelman,
J-Karpov,A/Roquebrune 1992/CBM 27 ext (44)}) 7. Qd2 {[%cal Ge1c1] This move is
good to prepare a long castle or simply Rd1.} Qd8 $5 {This position should be
equal,but black must choose the right plan between many possible continuations.
} (7... c6 8. O-O-O e5 $2 9. dxe5 dxe5 10. Nb5 $3 $16 {1-0 Rogers,I-Glek,I/
Linz 1997/CBM 59 (46)}) (7... a6 8. a4 (8. O-O-O Qe7 9. Bd3 g6 10. Rhe1 Bg7 11.
h4 $40 {1-0 Jussupow,A-Bischoff,K/Munich 1990}) 8... g5 9. h3 Bg7 10. Rd1 b6
11. Bd3 Bb7 12. Ne2 Qe7 13. c3 Rg8 14. Ng3 Bf8 15. Qe2 $14 {1/2-1/2 Littlewood,
P-Adams,M/England 1997/EXT 99 (42)}) 8. O-O-O a6 9. h4 Be7 (9... b5 $5 10. Kb1
Bb7 11. d5 Nb6 12. Nxb5 $2 axb5 13. Bxb5+ Nd7 14. dxe6 fxe6 15. Ne5 c6 $17 {
0-1 Rogers,I-Stefansson,H/Reykjavik 2000/EXT 2001 (36)}) 10. e5 $5 {White has
some advantage in development and space,but black has a very solid pawn
structure and it is hard to break it.This move is some kind of try to get more
space,but as we will see black pieces are just placed bestly do prevent from
white opening up the position.} b5 {The best reply.Black must start some
counterplay on Qside.} (10... d5 11. Rh3 b6 12. Rg3 Bf8 13. Ne2 Bb7 14. Nf4 $14
{[%cal Gf4h5] 1/2-1/2 Bode,W-Dautov,R/Krumbach 1991/TD (69)}) 11. Bd3 Nb6 (
11... Bb7 $5 12. Rh3 $6 Bxf3 13. Rxf3 dxe5 $15) 12. Qf4 Bb7 13. Qg4 Bf8 $8 (
13... g6 $6 14. h5 g5 15. Kb1 $14 {[%cal Gc3e4]}) (13... Kf8 14. Rh3 $40 {
[%cal Gh3g3]}) 14. h5 $6 {May be just a bit slow.This square was ment to be
for the knight.} (14. Ne4 $5 {[%cal Ge4g3,Gg3h5]} Bd5 $1 15. Nc3 Bb7 16. Ne4
Bd5) 14... Qd7 $5 {[%cal Gb5b4,Gd7a4]} 15. Nh4 $6 {After this move black gets
a strong initiative.} (15. Ne4 $1 Bd5 (15... Nc4 $1 $132) 16. Rhe1 Bxa2 $6 17.
b3 dxe5 18. Nc3 (18. Nxe5 $1 $16) 18... Ba3+ 19. Kd2 Bb4 20. Nxe5 (20. Ra1 Qc6
$1 $17) 20... Qd6 21. Qxg7 O-O-O $17) 15... b4 $1 16. Ne4 Bd5 {[%cal Gd5a2,
Gd7a4,Ga4a2]} 17. b3 (17. Kb1 $6 Qa4 18. b3 Qa3 $40 {[%cal Gb6a4,Ga6a5,Ga5a4]})
17... a5 $1 $15 {[%csl Rf8,Rh8] As it strange as the fact that black pieces
Bf8,Rh8 are yet developed,black attack is very strong!} 18. f4 a4 19. f5 Qc6 $1
20. fxe6 (20. f6 Rg8 $1) 20... Bxe6 21. Nf5 axb3 22. axb3 Kd8 $5 {This
profylactic move removes the king from all possible checks with both knights.
But in fact it gives white precious time for defence.} (22... Bxf5 $5 23. Qxf5
d5 24. Nd2 Be7 {[%cal Ge7g5,Gc6c3,Ga8a1] With very strong attack.}) 23. exd6 $5
cxd6 24. Kb2 $5 {[%cal Gd1a1]} (24. Rhe1 $142 $5) 24... Ra3 25. Ra1 Qd5 (25...
Bxf5 $6 26. Qxf5 d5 {[%cal Gc6c3]} 27. Nc5 $8 Bxc5 28. dxc5 Qxc5 29. Rxa3 bxa3+
30. Ka2 $44 {[%csl Ga2,Rd8,Rf7][%cal Gh1e1] And already black king feels
uncomfortable.}) 26. Neg3 $4 {[%mdl 8192]} (26. Nd2 $5 {[%cal Gd2b3,Gd2c4]}
Na4+ 27. bxa4 Ra2+ (27... Rxd3 $1 28. Qh4+ Kd7 29. cxd3 Bxf5 $44 {[%csl Rb2]
[%cal Gf8e7,Ge7f6]}) 28. Rxa2 Qxa2+ 29. Kc1 Qa3+ 30. Kb1 Ba2+ 31. Ka1 Bd5+ $11)
{[%tqu "En","How black can break white's king castle?","","","a3b3","Correct.",
10]} 26... Rxb3+ $1 {[%mdl 512]} 27. cxb3 {Excepts the challenge.} (27. Kc1
$142 Ra3 $19) 27... Qxb3+ 28. Kc1 Qc3+ 29. Kd1 $8 (29. Kb1 $2 Qxd3+ 30. Kc1 b3
{[%cal Gd3c2]} 31. Qd1 Qc3+ 32. Kb1 Bc4 $19 {[%cal Gc4d3]}) 29... Qxa1+ (29...
Qxd3+ $2 30. Ke1 b3 31. Rd1 Qc2 {[%cal Gb3b1]} 32. Qh4+ Kd7 33. Ne3 $1 $13) 30.
Ke2 Qb2+ $19 31. Kf3 $6 (31. Kf1 $142 Qd2 32. Be2 Nd5 $19) 31... Qd2 32. Bb1 $6
(32. Be2 $142 $19) 32... Nc4 {[%csl Rf3]} 33. Qe4 $2 (33. Qh4+ $142 Kd7 34. Qg4
{[%cal Gg4d7]} Bd5+ 35. Ne4 $19) {[%tqu "En","It is time to end the game.How
black can win immediatly?","","","e6d5","Very nice.Tricky move which wins at
least a queen!",10]} 33... Bd5 $1 34. Qxd5 Ne5+ 35. Ke4 (35. dxe5 Qxd5+ $19)
35... Qxg2+ {[%cal Gg2d5]} 0-1

[Event "Cappelle op 32nd"]
[Site "Cappelle la Grande"]
[Date "2016.02.19"]
[Round "8"]
[White "Moussard, Jules"]
[Black "Feller, Sebastien"]
[Result "1-0"]
[WhiteElo "2487"]
[BlackElo "2610"]
[Annotator "Reeh,O"]
[PlyCount "63"]
[EventDate "2016.02.13"]
[EventType "swiss"]
[EventRounds "9"]
[EventCountry "FRA"]
[SourceTitle "EXT 2017"]
[Source "ChessBase"]
[SourceDate "2016.10.25"]
[SourceVersion "1"]
[SourceVersionDate "2016.10.25"]
[SourceQuality "1"]

1. Nf3 Nf6 2. b3 d6 3. d4 c5 4. dxc5 Qa5+ 5. Nbd2 Qxc5 6. Bb2 Nbd7 7. g3 b6 8.
Bg2 Bb7 9. O-O e6 10. Ne5 Nxe5 11. Bxb7 Rb8 12. Ne4 Qc7 13. Nxf6+ gxf6 14. Bg2
h5 15. h3 d5 16. e4 dxe4 17. Qe2 Bg7 18. Bxe4 Kf8 19. Rad1 Kg8 20. Rfe1 Nd7 {
[%tqu "En","How can White win material?","Motif: the white queen wants to come
to e6!","","e4g6","Right - Black cannot play 21...fxg6!",2,"De","Wie kann Weiß
Material erobern?","Motiv: Die weiße Dame will nach e6!","","e4g6","Richtig -
Schwarz darf nicht 21...fxg6 spielen!",2]} 21. Bg6 $1 Nc5 (21... fxg6 22. Qxe6+
Kh7 23. Rxd7 $18) (21... h4 {[%tqu "En","Black has declined the bishop
sacrifice and saved his h-pawn. Continuation?","","","g6f7","...and the white
queen comes to e6!",1,"De","Schwarz hat das Läuferopfer verschmäht und seinen
h-Bauern gerettet. Fortsetzung?","","","g6f7","...und die weiße Dame kommt
nach e6!",1]} 22. Bxf7+ {[%csl Re6][%cal Re2e6,Rd1d7]} Kxf7 23. Qxe6+ $18) {
[%tqu "En","And now?","","","g6h5","A pawn is a pawn.",1,"De","Und nun?","","",
"g6h5","Bauer ist Bauer.",1]} 22. Bxh5 {A pawn is a pawn. Bauer ist Bauer.} f5
23. Bxg7 Kxg7 24. Kg2 Ne4 25. Rd3 Rbc8 26. c4 Rcd8 27. Bf3 Nf6 28. Red1 Rde8
29. Qd2 Rh6 30. Rd6 Nd5 31. Qb2+ f6 32. Qa3 1-0

[Event "Altensteig"]
[Site "Altensteig"]
[Date "1994.??.??"]
[Round "9"]
[White "Hug, Werner"]
[Black "Bezold, Michael"]
[Result "1/2-1/2"]
[WhiteElo "2445"]
[BlackElo "2475"]
[Annotator "Ribli,Z"]
[PlyCount "50"]
[EventDate "1994.08.??"]
[EventType "tourn"]
[EventRounds "11"]
[EventCountry "GER"]
[EventCategory "12"]
[SourceTitle "CBM 043"]
[Source "ChessBase"]
[SourceDate "1994.12.01"]
[SourceVersion "1"]
[SourceVersionDate "1994.12.01"]
[SourceQuality "1"]

1. d4 d6 2. Nf3 Bg4 3. Nbd2 Nf6 4. c3 e6 (4... c6 $5) 5. g3 (5. h3 Bh5 6. g4
Bg6 7. Bg2 $13) 5... Be7 6. Bg2 c6 7. O-O O-O 8. e4 d5 9. Re1 Nbd7 10. h3 Bh5
11. e5 Ne8 12. g4 Bg6 13. Nf1 c5 14. Ng3 $6 (14. Be3 $5) (14. h4 Bxh4 15. g5
Bh5 16. N1h2 f6 $13 (16... h6 17. gxh6 g6 $13)) 14... cxd4 15. cxd4 Rc8 16. Be3
Nb6 17. Re2 Nc4 18. Bc1 Nc7 (18... a5 $5) 19. Ne1 f6 $6 (19... a5) 20. exf6
Bxf6 21. Nf3 Na5 22. Bf4 Bf7 23. Ne5 Nc6 24. Qd3 Na6 25. Nxf7 Rxf7 (25... Rxf7
26. Rxe6 $1 Nxd4 27. Rd6 $1 $16) 1/2-1/2

[Event "London WFW"]
[Site "London"]
[Date "1991.??.??"]
[Round "?"]
[White "Larsen, Bent"]
[Black "Hodgson, Julian M"]
[Result "1/2-1/2"]
[WhiteElo "2560"]
[BlackElo "2545"]
[Annotator "Ribli,Z"]
[PlyCount "92"]
[EventDate "1991.05.??"]
[EventType "tourn"]
[EventRounds "13"]
[EventCountry "ENG"]
[EventCategory "11"]
[SourceTitle "CBM 024"]
[Source "ChessBase"]
[SourceDate "1991.10.01"]
[SourceVersion "1"]
[SourceVersionDate "1991.10.01"]
[SourceQuality "1"]

1. d4 d6 2. Nf3 Bg4 3. Nbd2 Nf6 4. h3 Bh5 5. g4 Bg6 6. Bg2 (6. Nh4 Be4 7. Nxe4
Nxe4 8. Bg2 d5 9. Nf3 e6 10. Nd2 Nxd2 11. Bxd2 c6 12. c3 $10 {
Ravikumar-Hodgson Great Britain ch 1990 50/62}) 6... c6 7. Nh4 e5 8. Nxg6 hxg6
9. dxe5 dxe5 10. Nc4 Qxd1+ 11. Kxd1 Nbd7 12. Bd2 (12. c3 $5) 12... Nd5 13. e3
Be7 14. Ke2 f5 15. Rad1 e4 16. f3 exf3+ 17. Bxf3 N5b6 18. Na5 (18. Nxb6 $5)
18... O-O-O 19. Bc3 Rh7 20. Bg2 Re8 21. Bd4 Bf6 22. b3 Ne5 23. Kd2 Kc7 24. Rdf1
fxg4 25. hxg4 Rxh1 26. Bxh1 Nxg4 27. Rg1 Ne5 28. a4 Rh8 29. Be4 Rh5 30. Kc1
Ned7 31. Nc4 Nxc4 32. bxc4 Bxd4 33. exd4 Rh4 34. Bxg6 Rxd4 35. Bf5 Nc5 36. a5
Rxc4 37. Rxg7+ Kd6 38. a6 $1 bxa6 39. Rxa7 a5 40. Kb2 Rb4+ 41. Ka3 Ra4+ 42. Kb2
Ke5 43. Bg6 Kd6 44. Bd3 Kd5 45. Bg6 Kc4 46. Be8 Kd5 1/2-1/2

[Event "Bundesliga 0001"]
[Site "Germany"]
[Date "2001.03.11"]
[Round "11.2"]
[White "Rogozenco, Dorian"]
[Black "Rozentalis, Eduardas"]
[Result "1/2-1/2"]
[WhiteElo "2531"]
[BlackElo "2570"]
[Annotator "Rogozenco,D"]
[PlyCount "52"]
[EventDate "2000.10.14"]
[EventType "team-tourn"]
[EventRounds "15"]
[EventCountry "GER"]
[SourceTitle "CBM 082"]
[Source "ChessBase"]
[SourceDate "2001.05.17"]
[SourceVersion "1"]
[SourceVersionDate "2001.05.17"]
[SourceQuality "1"]
[WhiteTeam "Magdeburg USC"]
[BlackTeam "Castrop Rauxel"]
[WhiteTeamCountry "GER"]
[BlackTeamCountry "GER"]

1. d4 Nf6 2. Nf3 e6 3. e3 d6 4. Bd3 Nbd7 5. c4 g6 6. O-O Bg7 7. Nc3 O-O 8. Rb1
(8. e4 e5 $13 {Koenigsindishe Verteidigung mit dem Laufer auf d3!}) 8... e5 9.
b4 Re8 10. Bc2 $6 {Der Laufer steht nicht besonders gut auf c2. Jetzt nutzt
Schwarz die Schwaehung von c4-Bauer.} (10. Be2) 10... exd4 $1 11. exd4 Nb6 12.
Bd3 Be6 13. Nd2 {Zu passiv.} (13. d5 Bg4 14. Bg5 (14. h3 Bxf3 15. Qxf3 Nfd7 $36
) 14... h6 15. Bh4 $13) 13... Qd7 ({viel besser war} 13... Nh5 $1 14. d5 Bxc3
15. dxe6 Rxe6 16. Ne4 Bg7 {Weiss hat etwas Kompensation, aber es ist
sicherlich nicht genug und Schwarz steht klar besser.}) 14. Qc2 Nh5 15. d5 Bf5
16. Bxf5 Qxf5 17. Qxf5 gxf5 18. Nb5 Re7 19. Bb2 $1 Bh6 20. Nf3 Nxc4 21. Nbd4 $2
(21. Nh4 $1 $36 {Das war die logische Fortsetzung. Ich habe zu viel Zeit
gebracht um mich zu entscheiden den Bauer zu opfern, und dann ist mir fast
keine Zeit geblieben fuer die konkrete Varianten. Nach 21.Sh4 steht Weiss
besser.}) 21... Ng7 22. Ba1 Re4 23. g3 Nb6 24. Rfd1 a5 $2 (24... a6 $17) 25.
bxa5 $1 Rxa5 26. Nb5 Nd7 (26... Na8 27. Nc3 $16) (26... Nd7 27. Nxc7 b6 28. Nb5
Ne8 29. Nh4 f4 30. Nf5 Bf8 $14 {/+/-.}) 1/2-1/2